| 000 | 00597nam a22001937a 4500 | ||
|---|---|---|---|
| 003 | BD-DhJNU | ||
| 005 | 20250309044825.0 | ||
| 008 | 250309b |||||||| |||| 00| 0 eng d | ||
| 020 | _a984702200030 | ||
| 040 |
_aBD-DhJNU _bENG _cBD-DhJNU _dBD-DhJNU |
||
| 082 |
_223 _a297 |
||
| 100 | _aIslam, M Anwarul | ||
| 245 |
_aThe inception of "prayer" in Islam : _ba chronological study / _cM Anwarul Islam |
||
| 260 |
_aDhaka : _bThe University Press LTD, _c2009. |
||
| 300 |
_a98 p. : _c22 cm. |
||
| 504 | _aincludes bibliographical reference and index | ||
| 650 | _aPrayer in Islam | ||
| 942 |
_2ddc _cBK _n0 |
||
| 999 |
_c1462 _d1462 |
||